Devinez le métier de Barbie - Statistiques

Statistiques générales
  • Ce quiz a été pris 1 768 fois
  • Le résultat moyen est 12 sur 15
Statistiques - réponses
Par images Réponse % Correct
Footballeuse
97%
Médecin
97%
Astronaute
96%
Danseuse étoile
96%
Policière
94%
Boxeuse
92%
Pâtissière
91%
Juge
90%
Pompière
83%
Fermière
76%
Sauveteuse en mer
76%
Pilote de ligne
63%
Caissière McDonald's
62%
Dog sitter
53%
Matador
40%
Aucun quiz correspondant
Distribution des résultats
% des personnes avec chaque résultat
Percentile par nombre de réponses
Votre historique - résultats
Vous n’avez pas pris ce quiz